000 01033nam a22003617a 4500
001 BR2013002923
003 BR-BrBNA
005 20230928104159.0
007 ta
008 230509b bl.||||| |||| 00| 0 por d
040 _aBR-BrBNA
_bpor
_cBiblioteca Nacional de Agricultura
041 _a(Por)
072 _aC30; H20; H10
090 _ C30 BR2013002923
100 1 _aFialho, F.B.
100 1 _aGarrido, L. da R.
100 1 _aBotton, M.
100 1 _aMelo, G.W.B. de
100 1 _aFajardo, T.V.M.
100 1 _aNaves, R. de L.
110 1 _aEMBRAPA Uva e Vinho, Bento Gonçalves, RS (Brasil)
245 1 _aDiagnóstico de doenças e pragas na cultura da videira usando o sistema especialista UZUM
260 3 _aBento Gonçalves, RS (Brasil):
_c2012.
300 _a4 p.
500 _a7 illus.
650 _aUVA
650 _aDOENÇA DE PLANTA
650 _aPRAGA DE PLANTA
650 _aANÁLISE FOLIAR
650 _aTECNOLOGIA DA INFORMAÇÃO
909 _a202309
_bLucia
_c55
_dLucia Elande
942 _cBK
999 _c78546
_d78546